MDQL
is popping MORE tags! Check the
thread
!
Quizzes
Events
Quiz Creation
Community
Videos
Private Events
Remove Ads
Sign In
Join for FREE
Feedback
Dark Mode
Quiz Categories
Sports
Geography
Music
Movies
Television
Just For Fun
Miscellaneous
History
Literature
Language
Science
Gaming
Entertainment
Religion
Holiday
For Kids
Quiz Lab
Recent
Popular Today
Quiz Kudos Today
Editor Picks
Curator Picks
Quizzes by...
Day
Popularity
Type
Ratings
Length
Year
Community
Subscriptions
Recent Discussions
Orange Saloon
Badges
Playlists
Quests
Create
Leaderboards
Showdown
Live 5
Trivia Bingo
Activity
Puzzle Library
Sporcle Events
Private Events
Virtual Trivia
Globe League
Become a Host
Pub Owners
SporcleCon
Opinionation
Our Games
Videos
Blog
Mobile Apps
Partnerships
Remove Ads and Go Orange
Feedback
Geography
Country
Landmarks
City
State
Population
World
Capital
Continent
Flags
Europe
Africa
Asia
South America
North America
Oceania
Border
Canada
United Kingdom
Topography
United States
Geography
Country
Landmarks
City
State
Population
World
Capital
Continent
Flags
Europe
Africa
Asia
South America
North America
Oceania
Border
Canada
United Kingdom
Topography
United States
Random Quiz
Search Sporcle
×
Quiz Lab
Quiz Lab
Geography
City
Type in answers that appear in a list
Type in answers that appear in a list
Classic
Best Score? Go Orange.
Countries/city's Stats
Can you name the Countries/city's?
By
tippsyloo
15m
76 Questions
12 Plays
12 Plays
12 Plays
Comments
Comments
Give Quiz Kudos
Give Quiz Kudos
-
- Ratings
hide this ad
Replay
Link that replays current quiz
Next Quiz
Link to next quiz in quiz playlist
You Got
0%
They Got
Avg Score
3%
Avg Friend Score
Upgrade to see
Score Distribution
Jump to the score distribution portion of the page
Score
0/76
Timer
15:00
0
Plays Today
Answer
% Correct
Usa
66.7%
Uk
50%
Canada
50%
Mexico
33.3%
Russia
16.7%
Berlin
16.7%
Rome
8.3%
Poland
8.3%
Hawii
8.3%
Mali
8.3%
Niger
8.3%
Morocco
8.3%
Chad
8.3%
Norway
8.3%
0%
Plymouth
0%
Greece
0%
Oporto
0%
Corfu
0%
Naples
0%
Turin
0%
Lovakia
0%
Zagrep
0%
Varna
0%
Serbua
0%
Brest
0%
Vitebsk
0%
La Rochelle
0%
Barcelona
0%
Lvov
0%
Poznan
0%
Cork
0%
Smolenk
0%
Moscow
0%
Aland
0%
Ostersud
0%
Kiev
0%
Bursna
0%
Answer
% Correct
Tula
0%
Penza
0%
Tambov
0%
Syzran
0%
Orel
0%
Homyel
0%
Novgorod
0%
Orsha
0%
Stavropol
0%
Gronzy
0%
Odessa
0%
Sivas
0%
Georgia
0%
Baku
0%
Aleppo
0%
Adana
0%
Palermo
0%
Oporto
0%
Lisbon
0%
Perua
0%
Florida
0%
Ottowa
0%
Bogota
0%
Nassau
0%
Canary
0%
Libya
0%
Greenland
0%
Tehran
0%
Jakarta
0%
Bermuda
0%
Chile
0%
Wellington
0%
Tasmania
0%
Sakhalin
0%
Muscat
0%
New delhi
0%
0%
0%
Quiz Playlist
Details
Report
Send in Message
Add To Playlist
Classic:
Type in answers that appear in a list
Last Updated: Feb 16, 2017
Quiz Scoreboard
CHALLENGE
Sign Up to Join the Scoreboard
Show All
Scores
Hide
Comments
May contain spoilers
Recently Published
5x2 Blitz: Bands
by SL_Kpop136
Music
30s
Colored Red Africa Blitz
by spor1
Geography
30s
Find the 'City' Movie
by crazypaving
Movies
60s
More to Explore
Quiz From the Vault
Featured Blog Post
14 Easter Pick-up Lines to Find Eggs With
hide this ad
You Might Also Like...
Tags
City Quiz
Country Quiz
Today's Top Quizzes in Geography
Browse Geography
hide this ad
Today's Top Quizzes in City
Browse City
Top Contributed Quizzes in Geography
1
Countries of the World - No Outlines Minefield
2
Colored Red Europe Blitz I
3
Colored Red Africa Blitz II
4
Colored Red Europe Blitz II
5
Colored Red Africa Blitz III
6
Colored Red Europe Blitz III
7
African Flag Reveal XLVI
8
Colored Red States Blitz I
9
Colored Red States Blitz II
10
Colored Red States Blitz III
Explore More
Trending Topics
Anime
Marvel
Kpop
NBA
Disney
Harry Potter
Crossword
WWE
NFL
Country
Song
Pokémon
Soccer
The Office
Puzzle
hide this ad
More By:
tippsyloo
Quiz
Plays
Rating
Category
Featured
Created
Simple animals
22
1.00
Just For Fun
Jul 4, 2016
Countries/city's
12
1.00
Geography
Jul 4, 2016
Girl names beginning with A
11
3.00
Miscellaneous
Dec 29, 2023
girl names
9
Miscellaneous
Feb 4, 2017
Go to Creator's Profile
Score Distribution
Quiz Creator Spotlight
tippsyloo
Follow
Send a Message
Quizzes Created
-
Created Quiz Play Count
-
More By This Creator
Popular Quizzes Today
1
Find the 'City' Movie
2
Colored Red Africa Blitz
3
Find the US States - No Outlines Minefield
4
5x2 Blitz: Bands
5
The Countries of the World
6
Find the US States
7
US States
8
9x9 Crossword: Cartoon Network
More Geography Quizzes
Anagrammed Asian Countries and Capitals
Published
Trending Quizzes
Colored Red Europe Blitz I
Colored Red Africa Blitz II
Colored Red Europe Blitz II
Colored Red Africa Blitz III
Colored Red Europe Blitz III
Recently Updated
Famous TV Couples
Peacemaker
Champions League XIs: Real Madrid
pecheneg
Largest US Cities 1790-2010
pecheneg
Rides in Walt Disney World
pecheneg
Most Oscar Losses (Acting)
pecheneg
Beyoncé Albums
pecheneg
Leaping Animals
pecheneg
Reality TV Shows (A-Z)
bhenderson79
Rickey Henderson's Hall of Fame Teammates
pecheneg
Champions League XIs: Arsenal
pecheneg
Trending Topics
Anime
Disney
Harry Potter
Marvel
NBA
Kpop
Crossword
Country
Puzzle
Song
WWE
The Office
NFL
Soccer
Pokémon
Your Account Isn't Verified!
In order to create a playlist on Sporcle, you need to verify the email address you used during registration. Go to your
Sporcle Settings
to finish the process.
Report this User
Report this user for behavior that violates our
Community Guidelines
.
Details:
Send Report
Go to the Sporcle.com Mobile Site →
Comments